01381nam a2200313 i 4500001001000000003000900010005001700019007000300036008004100039040003000080082002200110110003300132240002700165245015300192246007800345260006300423264006600486300002800552336002800580337003400608338003100642650006500673650005700738710006800795910004200863942001400905952013300919999001501052000005811DO-SdBNP20250710130422.0ta090824s2000 dr r 000 0 spa d aDO-SdBNPbspacBNPHUerda 4a344.01bR426c2221 aRepública Dominicana.9447 0a[Código del trabajo]10aCódigo de trabajo de la República Dominicana :bLey 16-92 : promulgada el 29 de mayo 1992 y reglamento para su aplicación (incluye Ley 97-97).14aCódigo de trabajo y reglamento para su aplicación (incluye ley 97-97) aSanto Domingo :bSecretaría de Estado de Trabajo,c2000. aSanto Domingo : bSecretaría de Estado de Trabajo,c2000. a191 páginas ;c21 cm. atextobtxt2rdacontent  asin mediación bn2rdamedia avolumen bnc2rdacarrier  4aDerecho laboralxLegislaciónzRepública Dominicana97806 4aLegislación laboralzRepública Dominicana9117331 aRepública Dominicana.bSecretaría de Estado de Trabajo9491 aValidado. Control de calidad. MMOLINA 2ddccLBS1 00102ddc51708PDaBNPHUbBNPHUcHDd2009-08-24l0oBNPHU PD 344.01 R426cp5811-10r2020-06-25w2020-06-25yLBS1ZNo se presta c5607d5607